
Library Catalogue

| 000 -LEADER | |
|---|---|
| fixed length control field | 01258nam a2200193Ia 4500 |
| 003 - CONTROL NUMBER IDENTIFIER | |
| control field | OSt |
| 005 - DATE AND TIME OF LATEST TRANSACTION | |
| control field | 20220207123446.0 |
| 008 - FIXED-LENGTH DATA ELEMENTS--GENERAL INFORMATION | |
| fixed length control field | 160316s2012 xxu||||| |||| 00| 0 eng d |
| 040 ## - CATALOGING SOURCE | |
| Transcribing agency | NLS |
| 082 ## - DEWEY DECIMAL CLASSIFICATION NUMBER | |
| Classification number | 340.092 BAR |
| 100 ## - MAIN ENTRY--PERSONAL NAME | |
| Personal name | |
| 245 ## - TITLE STATEMENT | |
| Title | Bar council of India rules |
| 260 ## - PUBLICATION, DISTRIBUTION, ETC. | |
| Place of publication, distribution, etc. | New Delhi |
| Name of publisher, distributor, etc. | Professional Book Publishers |
| Date of publication, distribution, etc. | 2012 |
| 300 ## - PHYSICAL DESCRIPTION | |
| Extent | 158p |
| 365 ## - TRADE PRICE | |
| Price amount | Rs. 150 |
| 505 ## - FORMATTED CONTENTS NOTE | |
| Formatted contents note | Contents:<br/>The Bar Council of India Rules;<br/>Part I-Definitions;<br/>Part II-Matters relating to bar council of India;<br/>Part III-Certain matters relating to state council;<br/>Part IV-Rules of legal education;<br/>Part V-The state roll and seniority;<br/>Part VI-Special provision for enrolment of certain Supreme Court Advocates;<br/>Part VII-Disciplinary proceedings and review;<br/>Part VIII-Fee leviable under the act;<br/>Part IX-General principles to be followed by state bar councils and the bar council of India, rules for supervision and control by the bar council of India;<br/>The Bar Council of India Training Rules, 1995;<br/>The Advocates (Right to Take Up Law Teaching) Rules, 1979;<br/><br/>Model Scheme for Welfare of Advocates framed by bar council of India;<br/>The bar council of India Advocates Welfare Scheme, 1998;<br/>The Advocates Act, 1961. |
| 700 ## - ADDED ENTRY--PERSONAL NAME | |
| Personal name | |
| -- | |
| 942 ## - ADDED ENTRY ELEMENTS (KOHA) | |
| Source of classification or shelving scheme | Dewey Decimal Classification |
| Koha item type | BOOKs |
| Withdrawn status | Lost status | Damaged status | Not for loan | Home library | Current library | Shelving location | Date acquired | Cost, normal purchase price | Total Checkouts | Full call number | Barcode | Date last seen | Price effective from | Koha item type |
|---|---|---|---|---|---|---|---|---|---|---|---|---|---|---|
| . | . | NAB Compactor | 30.05.2017 | 150.00 | 340.092 BAR | 28256 | 30.05.2017 | 30.05.2017 | BOOKs |